Guess the Taylor Swift Song with No Hints - 11 - Statistics

General Stats
  • This quiz has been taken 60 times
  • The average score is 243 of 306
Answer Stats
Answer % Correct
I
100%
I,
100%
you
98%
You
98%
we
96%
We
96%
And
94%
and
94%
in
94%
In
94%
me,
94%
me
94%
on
94%
the
91%
were
91%
by
89%
I'm
89%
It
89%
it
89%
your
89%
are
87%
be
87%
if
87%
If
87%
"no"
87%
of
87%
Been
85%
been
85%
my
85%
one
85%
don't
83%
have
83%
it's
83%
so?
83%
to
83%
Would
83%
you're
83%
all
81%
fun
81%
know
81%
know,
81%
some
81%
think
81%
would've
81%
at
79%
But
79%
could've
79%
had
79%
her
79%
something,
79%
didn't
77%
never
77%
should've
77%
this
77%
For
74%
good,
74%
now
74%
saw
74%
time
74%
everything
72%
made
72%
new
72%
thing
72%
with
72%
"yes"
72%
bus
70%
different
70%
doing
70%
gonna
70%
greatest
70%
home
70%
instead
70%
loves
70%
night
70%
own
70%
really
70%
resist
70%
saying
70%
stop,
70%
take
70%
though
70%
true
70%
baby
68%
came
68%
cool
68%
films
68%
grow
68%
meet
68%
shit
68%
up
68%
well
68%
wishes
68%
woman
68%
alone
66%
alright
66%
another
66%
bleed,
66%
count
66%
defense,
66%
defense
66%
family
66%
internet
66%
making
66%
none
66%
numbers,
66%
over
66%
persist
66%
pool
66%
thought
66%
day
64%
dream
64%
each
64%
guess
64%
showed
64%
wanted
64%
pennies
62%
sweet
62%
tossing
62%
20s,
60%
ask
60%
Roaring
60%
Sunday
60%
temptation
60%
today?
60%
waking
60%
adventures
57%
chosen
57%
ground
57%
hit
57%
leaving
57%
painted
57%
enough
55%
running
55%
Having
53%
matinée
53%
digging
49%
grave
49%
(Ooh)
49%
flowing
40%
Rosé
40%
No matching quizzes found
Score Distribution
Percent of People with Each Score
Percentile by Number Answered
Your Score History
You have not taken this quiz